Statistics for Countries that Border the South China Sea

Click here to take the quiz!

General Stats

  • This quiz has been taken 17 times
  • The average score is 7 of 8

Answer Stats

Country% Correct
Vietnam
100%
Brunei
94%
China
94%
Indonesia
94%
Malaysia
94%
Singapore
94%
Taiwan
88%
Phillipines
44%

Score Distribution

Percentile by Number Answered

Percent of People with Each Score

Your Score History

You have not taken this quiz